Дело : (Record no. 521422)
[ view plain ]
| 000 -LEADER | |
|---|---|
| fixed length control field | 00887nam a2200241 a 4500 |
| 001 - CONTROL NUMBER | |
| control field | 000084600 |
| 003 - CONTROL NUMBER IDENTIFIER | |
| control field | AM-YEHGA |
| 005 - DATE AND TIME OF LATEST TRANSACTION | |
| control field | 20250618080030.0 |
| 008 - FIXED-LENGTH DATA ELEMENTS--GENERAL INFORMATION | |
| fixed length control field | 980202s1962 |||| |||||||||| | rus c |
| 040 ## - CATALOGING SOURCE | |
| Original cataloging agency | AM-YeHGA |
| 041 1# - LANGUAGE CODE | |
| Language code of text/sound track or separate title | rus |
| Language code of original | eng |
| 090 ## - LOCALLY ASSIGNED LC-TYPE CALL NUMBER (OCLC); LOCAL CALL NUMBER (RLIN) | |
| -- | 525003 |
| 100 1# - MAIN ENTRY--PERSONAL NAME | |
| Personal name | Сноу, Чарльз Перси |
| 245 10 - TITLE STATEMENT | |
| Title | Дело : |
| Remainder of title | Роман : Пер. с англ. / |
| Statement of responsibility, etc. | Чарльз Сноу ; Пер. с англ. В. Ефановой. Предисл. С.С. Смирнова ; Худ. Г. Клодт. |
| 246 15 - VARYING FORM OF TITLE | |
| Title proper/short title | The affair |
| 260 ## - PUBLICATION, DISTRIBUTION, ETC. | |
| Place of publication, distribution, etc. | Москва : |
| Name of publisher, distributor, etc. | Худож. лит, |
| Date of publication, distribution, etc. | 1962. |
| 300 ## - PHYSICAL DESCRIPTION | |
| Extent | 383 с. |
| 650 14 - SUBJECT ADDED ENTRY--TOPICAL TERM | |
| Topical term or geographic name entry element | Художественная литература |
| 9 (RLIN) | 4918 |
| 700 1# - ADDED ENTRY--PERSONAL NAME | |
| Personal name | Ефанова, В. |
| Relator term | пер. |
| Relationship | trl |
| 700 1# - ADDED ENTRY--PERSONAL NAME | |
| Personal name | Клодт, Г. |
| 700 1# - ADDED ENTRY--PERSONAL NAME | |
| Personal name | Смирнова, С.С. |
| Relator term | авт. предисл. |
| Relationship | aui |
| 700 1# - ADDED ENTRY--PERSONAL NAME | |
| Personal name | Клодт, Г |
| Relator term | худож. |
| Relationship | art |
| Withdrawn status | Lost status | Damaged status | Not for loan | Collection | Home library | Current library | Date acquired | Total checkouts | Full call number | Barcode | Date last seen | Price effective from | Koha item type | Public note | Source of classification or shelving scheme |
|---|---|---|---|---|---|---|---|---|---|---|---|---|---|---|---|
| General | Fundamental Scientific Library | Fundamental Scientific Library | 14/12/2021 | РII/68713 | FL0667704 | 14/12/2021 | 14/12/2021 | Գրքեր / Books | 30 Days Loan | ||||||
| General | Fundamental Scientific Library | Fundamental Scientific Library | 17/12/2021 | PII/69131 | FL0667789 | 17/12/2021 | 17/12/2021 | Գրքեր / Books | 30 Days Loan | Universal Decimal Classification |
ՀՀ Գիտությունների ազգային ակադեմիայի հիմնարար գիտական գրադարան = Fundamental Scientific Library of NAS RA
All site content, except where otherwise noted, is licensed under a